header

Judges and their audiences (Record no. 2535)

MARC details
000 -LEADER
fixed length control field 01283nam a2200325Ia 4500
100 1# - MAIN ENTRY--AUTHOR NAME
Personal name Baum, Lawrence.
245 10 - TITLE STATEMENT
Title Judges and their audiences
260 ## - PUBLICATION, DISTRIBUTION, ETC. (IMPRINT)
Place of publication Princeton, NJ :
Name of publisher Princeton University Press,
Year of publication c2006.
300 ## - PHYSICAL DESCRIPTION
Number of Pages xiv, 231 p.
650 #0 - SUBJECT ADDED ENTRY--TOPICAL TERM
Topical Term Judges
Topical Term Judicial process
Topical Term Law
856 40 - ELECTRONIC LOCATION AND ACCESS
Uniform Resource Identifier http://site.ebrary.com/lib/rucke/Doc?id=10284119

No items available.

© 2026 Rongo University
Contact us: librarian | system librarian | Rongo university